Taylor Swift - Paroles the 1 - Statistiques

Statistiques générales
  • Ce quiz a été pris 123 fois
  • Le résultat moyen est 263 sur 307
Statistiques - réponses
Hint Réponse % Correct
be
100%
I
100%
Bridge I,
100%
on
100%
the
100%
Would
100%
you
100%
You
100%
by
99%
It
99%
it
99%
Been
97%
been
97%
in
97%
In
97%
me,
97%
me
97%
so?
97%
think
97%
we
97%
We
97%
And
96%
and
96%
don't
96%
if
96%
If
96%
one
96%
some
96%
to
96%
were
96%
have
94%
my
94%
"no"
94%
Refrain But
93%
Couplet 1 I'm
93%
shit
93%
would've
93%
fun
91%
of
91%
doing
90%
new
90%
your
90%
know
88%
know,
88%
never
88%
something,
88%
good,
87%
cool
86%
her
86%
though
86%
time
86%
you're
86%
at
84%
bus
84%
didn't
84%
"yes"
84%
came
83%
saw
83%
stop,
83%
true
83%
made
81%
none
81%
own
81%
saying
81%
all
80%
greatest
80%
home
80%
instead
80%
alone
78%
defense,
78%
gonna
78%
internet
78%
now
78%
(Oh)
78%
another
77%
could've
77%
different
77%
grow
77%
had
77%
it's
77%
making
77%
take
77%
thing
77%
thought
77%
wishes
77%
woman
77%
count
75%
pool
75%
up
75%
day
74%
everything
74%
guess
74%
really
74%
should've
74%
are
72%
baby
72%
today?
72%
alright
71%
bleed,
71%
For
71%
meet
71%
resist
71%
films
70%
numbers,
70%
Sunday
70%
sweet
70%
dream
68%
each
68%
night
68%
waking
68%
over
67%
pennies
67%
this
67%
ask
65%
showed
65%
loves
64%
wanted
64%
enough
62%
family
62%
leaving
62%
adventures
61%
Having
61%
hit
61%
ground
59%
running
59%
temptation
59%
well
59%
tossing
58%
matinée
57%
persist
57%
chosen
54%
Roaring
52%
with
52%
painted
43%
20s,
41%
digging
38%
grave
33%
Rosé
32%
flowing
23%
Aucun quiz correspondant
Distribution des résultats
% des personnes avec chaque résultat
Percentile par nombre de réponses
Votre historique - résultats
Vous n’avez pas pris ce quiz